| 000 | 00959nam a2200229 i 4500 | ||
|---|---|---|---|
| 001 | 94155 | ||
| 003 | ES-MaACL | ||
| 005 | 20250407161903.0 | ||
| 007 | t| | ||
| 008 | 050628s1951 sp ||||1| spa d | ||
| 080 | _a526.9(075.3) | ||
| 245 | 0 | 0 |
_aApuntes de topografía Melocabo _b: autorizados por el profesor de la signatura. |
| 260 |
_aMadrid : _b[s.n., _c1951?] ( _fLit. E. Nieto) |
||
| 300 |
_a331 p. ; _c22 cm. |
||
| 500 | _aPrecede al tit.: Escuela de Peritos Industriales de Madrid. | ||
| 650 | 7 |
_9136936 _aTopografía |
|
| 852 |
_aES-MaACL _jD-6561 _bR.31274 _bR.M.6152 _997663 _cSVI _fSello en tinta azul de la Biblioteca del Ateneo de Madrid. _gAnotación manscrita a lápiz en portada: "28". _xEncuadernación holandesa en piel granate. |
||
| 942 |
_2udc _cMONOGRAFIA |
||
| 999 |
_c94155 _d94155 |
||